000 00666nam a2200289Ia 4500
005 20260324132122.0
008 008 260324s9999 xx 000 0 eng d
020 _a9780203088029
037 _aEBOOK
040 _aCRL
040 _beng
040 _cCRL
041 _2eng
041 _aeng
084 _qCRL
100 _aHugo de Burgh
_91188092
245 0 _aMaking Journalists
245 0 _bDiverse Models, Global Issues
260 _bTaylor and Francis
260 _c2005
365 _a
365 _b230
856 _uhttp://www.taylorfrancis.com/books/9780203088029
942 _cEBOOK
999 _c1785878
_d1785878